Friendship evangelism. (Record no. 10997)

000 -LEADER
fixed length control field 00508nam a2200181 a 4500
001 - CONTROL NUMBER
control field :::00008790$&:&@@
003 - CONTROL NUMBER IDENTIFIER
control field OkBaRHE
005 - DATE AND TIME OF LATEST TRANSACTION
control field 20000607103346.0
008 - FIXED-LENGTH DATA ELEMENTS--GENERAL INFORMATION
fixed length control field s1959 j 000 0 eng u
040 ## - CATALOGING SOURCE
Transcribing agency
100 1# - MAIN ENTRY--PERSONAL NAME
Personal name Smith, J. Edgar.
245 10 - TITLE STATEMENT
Title Friendship evangelism.
260 ## - PUBLICATION, DISTRIBUTION, ETC. (IMPRINT)
Place of publication, distribution, etc Anderson, IN., :
Name of publisher, distributor, etc The Warner Press
Date of publication, distribution, etc 1959
300 ## - PHYSICAL DESCRIPTION
Extent 96 p.
650 ## - SUBJECT ADDED ENTRY--TOPICAL TERM
Topical term or geographic name as entry element Evangelism
942 ## - ADDED ENTRY ELEMENTS (KOHA)
Source of classification or shelving scheme
Koha item type Books
Copies
Permanent Location Barcode Lost status Source of classification or shelving scheme Copy number Koha item type Price effective from Date acquired Withdrawn status Damaged status Shelving location Not for loan Full call number Date last seen
RHEMA Bible Training College8790  1Books2010-04-142010-04-14  General Stacks BV 3795 .S62010-04-14